Central Library OPAC University of Rajshahi

Human relations and hospital care / (Record no. 49694)

MARC details
000 -LEADER
fixed length control field 00769nam a2200241 a 4500
001 - CONTROL NUMBER
control field 49694
003 - CONTROL NUMBER IDENTIFIER
rucl marc code BD-RjUL
005 - DATE AND TIME OF LATEST TRANSACTION
control field 20211209054720.0
008 - FIXED-LENGTH DATA ELEMENTS--GENERAL INFORMATION
fixed length control field 160822s1964 enk b 000 0 eng
035 ## - SYSTEM CONTROL NUMBER
System control number (BD-RjUL)49814
040 ## - CATALOGING SOURCE
Original cataloging agency BD-RjUL
Transcribing agency OAU
Modifying agency BD-RjUL
Language of cataloging eng
041 ## - LANGUAGE CODE
Language code of text/sound track or separate title eng
082 ## - DEWEY DECIMAL CLASSIFICATION NUMBER
Classification number 362.110942
Edition number 23
Author mark and year CAH 1964
100 1# - MAIN ENTRY--PERSONAL NAME
Personal name Cartwright, Ann.
9 (RLIN) 148992
245 10 - TITLE STATEMENT
Title Human relations and hospital care /
260 ## - PUBLICATION, DISTRIBUTION, ETC. (IMPRINT)
Place of publication, distribution, etc. London :
Name of publisher, distributor, etc. Routledge & K. Paul,
Date of publication, distribution, etc. [1964]
300 ## - PHYSICAL DESCRIPTION
Pagination x, 262 p. ;
Size 22 cm.
490 1# - SERIES STATEMENT
Series statement Reports of the Institute of Community Studies,
Volume/sequential designation 9
504 ## - BIBLIOGRAPHY, ETC. NOTE
Bibliography, etc Bibliography: p. 251-254.
650 #0 - SUBJECT ADDED ENTRY--TOPICAL TERM
Topical term or geographic name as entry element Hospital care
Geographic subdivision Great Britain.
9 (RLIN) 148993
830 #0 - SERIES ADDED ENTRY--UNIFORM TITLE
Uniform title Reports of the Institute of Community Studies (Unnumbered) ;
Volume number/sequential designation 9.
942 ## - ADDED ENTRY ELEMENTS (KOHA)
Source of classification or shelving scheme Dewey Decimal Classification
Koha item type Books
Holdings
Lost status Source of classification or shelving scheme Damaged status Not for loan Collection code Permanent Location Current Location Shelving location Date acquired Source of acquisition Total Checkouts Full call number Date last seen Copy number Koha item type
  Dewey Decimal Classification     Non-fiction Central Library, University of Rajshahi Central Library, University of Rajshahi   18/07/1966 Zeitlinger   362.110942 CAH 1964 22/08/2016 C-2 Books